Comedians by Fictional Portrayal Quiz Stats

 Plays Quiz not verified by Sporcle

Support Sporcle.
Go Orange.
Score 0/20 Timer 05:00
3 Plays Today
% Correct
Charlie Chaplin
(Robert Downey Jr.)
94.8%
Whoopi Goldberg
(Kenan Thompson)
94.3%
Ellen DeGeneres
(Kate McKinnon)
90.8%
Groucho Marx
(Peter Sellers)
85.1%
Andy Kaufman
(Jim Carrey)
83.7%
Fanny Brice
(Barbra Streisand)
81.1%
Sammy Davis Jr.
(Don Cheadle)
80.3%
Richard Pryor
(Brandon Ford Green)
78.7%
John Cleese
(Darren Boyd)
78.4%
Oliver Hardy
(John C. Reilly)
76.2%
% Correct
Buster Keaton
(Donald O'Connor)
69%
Johnny Carson
(Dylan Baker)
63.3%
W. C. Fields
(Rod Steiger)
62.8%
John Belushi
(Michael Chiklis)
62.4%
Don Rickles
(John Candy)
61.3%
Michael Palin
(Charles Edwards)
59.7%
Peter Sellers
(Geoffrey Rush)
59.4%
Lenny Bruce
(Luke Kirby)
58.7%
Dan Aykroyd
(Gary Groomes)
55.1%
Stan Laurel
(Steve Coogan)
44.7%

You're not logged in!

Compare scores with friends on all Sporcle quizzes.
OR
Log In

From the Vault

US Capitals by Five Letters

by LTH

Good thing there are no 4-letter US capitals.
Remove Ads.
Support Sporcle.
Get the best of Sporcle when you Go Orange. This ad-free experience offers more features, more stats, and more fun while also helping to support Sporcle. Thank you for becoming a member.

Show Comments

Extras

Top Quizzes Today


Score Distribution

Your Account Isn't Verified!

In order to create a playlist on Sporcle, you need to verify the email address you used during registration. Go to your Sporcle Settings to finish the process.

Report this User

Report this user for behavior that violates our Community Guidelines.

Details: